| 000 | 00720nac a22002051u 4500 | ||
|---|---|---|---|
| 010 | _a 2003068968 | ||
| 020 | _a0131451413 (pbk. : alk. paper) | ||
| 082 | 0 | 0 |
_a005.74 _bK932 |
| 090 | _c460 | ||
| 100 | _aKroenke, David. | ||
| 245 | 1 | 0 |
_aDatabase concepts / _cDavid M. Kroenke. |
| 250 | _a2nd ed. | ||
| 260 |
_aUpper Saddle River, N.J. : _bPearson/Prentice Hall,2005 _c2005. |
||
| 300 |
_axv, 237 p. : _bcol. ill. ; _c28 cm. |
||
| 500 | _aIncludes index. | ||
| 650 | 0 | _aDatabase management. | |
| 650 | 0 | _aRelational databases. | |
| 942 |
_cBB _k005.74K932 |
||
| 999 |
_c460 _d460 |
||